| 000 | 00795nam a2200241 a 4500 | ||
|---|---|---|---|
| 008 | |||
| 020 | _a089116541x(hbk.) | ||
| 049 | _aMAIN | ||
| 090 | _aRC280 | ||
| 100 | 1 | _aHemisphere Publishing. | |
| 245 | 1 | 0 |
_aOral cancer: _bEpidemiology, etiology and pathology/ _c[Edited by]Colin Smith, Jens J. Pindberg, W.H. Binnie. |
| 260 |
_aNew York : _bHemishphere Publishing ; _cc1990. |
||
| 300 |
_aix, 105 p.: _bill : _c23 cm. |
||
| 490 | _aThe Cancer Series | ||
| 504 | _aincludes bibliographical references. | ||
| 500 | _aincludes index. | ||
| 650 | 1 |
_aMouth neoplasms-epidemiology : _vmouth neoplasms etiology. |
|
| 907 |
_a.b10199263 _b24-04-06 _c22-04-06 |
||
| 003 | |||
| 005 | 20230120203928.0 | ||
| 040 | _cNUST | ||
| 942 |
_cBOOKS _kRC280 |
||
| 999 |
_c114039 _d114039 |
||